| 000 | 01576nam a22002177a 4500 | ||
|---|---|---|---|
| 005 | 20220420083949.0 | ||
| 008 | 220418b ||||| |||| 00| 0 eng d | ||
| 020 | _a9789389109894 | ||
| 040 | _cAL | ||
| 041 | _aeng | ||
| 082 |
_223 _a820.33 _bRAMA |
||
| 100 |
_aRamakrishnan T D _930274 |
||
| 245 | _aAlpha | ||
| 260 |
_a New Delhi _bMacmillan Publishing _c2022 |
||
| 300 |
_a145p. _bHB _c20.5x13.4cm. |
||
| 365 |
_2general _a6320 _b₹467.22 _c₹ _d₹599.00 _e22% _f08-03-2022 |
||
| 520 | _a‘[T. D. Ramakrishnan] takes the Malayalam novel to new heights and fresh possibilities’ HINDUWhat makes us human?Twelve people accompany an anthropologist to a deserted island, cutting off all relations with the outside world. There, an experiment begins. They are not to use any known languages and must begin anew – to explore and find out if they can achieve in twenty-five years what humanity has achieved over generations. Twenty-five years later, only three of the thirteen have survived. As these three survivors recount their tale, what emerges is a story of humanity returned to its primitive roots, bereft of attachment, and not nearly as utopian as was expected.Award-winning writer T. D. Ramakrishnan’s debut novel, translated for the first time to English, explores through a powerfully imaginative conceit the meaning of relationships, attachments, love, hate and anger. Above all, it seeks to answer the question: what does it mean to be human? | ||
| 650 |
_2Literature _aEnglish Literature _930275 |
||
| 700 |
_aNair, Priya K; Tr. _930276 |
||
| 942 |
_2ddc _cBK |
||
| 999 |
_c222465 _d222465 |
||